000 00241nam a2200097Ia 4500
005 20251222113741.0
008 251222s1900||||xx |||||||||||||| ||spa||
082 _aDVD0070/A62/1966
245 0 _aBlow-Up:Deseo de una maƱana de verano
942 _cDVD
999 _c624
_d624